Explotación de recursos hidráulicos / (Registro nro. 8027)
[ vista simple ]
| 000 -LEADER | |
|---|---|
| fixed length control field | 01199nam a2200241Ia 4500 |
| 003 - CONTROL NUMBER IDENTIFIER | |
| control field | OSt |
| 005 - DATE AND TIME OF LATEST TRANSACTION | |
| control field | 20210608154211.0 |
| 008 - FIXED-LENGTH DATA ELEMENTS--GENERAL INFORMATION | |
| fixed length control field | 210310s1964 mx ad gr 001 0 spa d |
| 040 ## - CATALOGING SOURCE | |
| Original cataloging agency | CO-JMCR |
| Transcribing agency | CO-JMCR |
| 041 1# - LANGUAGE CODE | |
| Language code of text/sound track or separate title | spa |
| Language code of original | eng |
| 082 04 - DEWEY DECIMAL CLASSIFICATION NUMBER | |
| Classification number | 333.91 / |
| Item number | E192e |
| Edition number | 23 |
| 100 1# - MAIN ENTRY--PERSONAL NAME | |
| Personal name | Eckstein, Otto, |
| 9 (RLIN) | 16125 |
| Relator term | autor |
| 245 10 - TITLE STATEMENT | |
| Title | Explotación de recursos hidráulicos / |
| Statement of responsibility, etc. | Otto Eckstein |
| 250 ## - EDITION STATEMENT | |
| Edition statement | Primera edición |
| 260 ## - PUBLICATION, DISTRIBUTION, ETC. | |
| Place of publication, distribution, etc. | México : |
| Name of publisher, distributor, etc. | Compañía General de Ediciones, |
| Date of publication, distribution, etc. | 1964 |
| 300 ## - PHYSICAL DESCRIPTION | |
| Other physical details | xvii, 324 páginas : |
| Extent | ilustraciones y gráficas a blanco y negro ; |
| Dimensions | 21 cm. |
| 500 ## - GENERAL NOTE | |
| General note | Incluye notas a pie de página e índice analítico.<br/>Título original: Water resource development |
| 504 ## - BIBLIOGRAPHY, ETC. NOTE | |
| Bibliography, etc. note | Bibliografía: páginas 307-314 |
| 505 0# - FORMATTED CONTENTS NOTE | |
| Formatted contents note | La base teórica de los cálculos sobre los beneficios y los costos -- El criterio de los beneficios y costos. Notas técnicas en relación con los capítulos II y III -- Continuación del criterio sobre beneficios y costos -- Control de inundaciones -- Navegación -- Riego -- Energía eléctrica -- La distribución de los costos comunes |
| 546 ## - LANGUAGE NOTE | |
| Language note | Traducido del inglés. |
| 650 ## - SUBJECT ADDED ENTRY--TOPICAL TERM | |
| Topical term or geographic name entry element | Recursos naturales |
| 9 (RLIN) | 16127 |
| Geographic subdivision | Estados Unidos |
| 942 ## - ADDED ENTRY ELEMENTS (KOHA) | |
| Source of classification or shelving scheme | Dewey Decimal Classification |
| Koha item type | Books |
| Withdrawn status | Lost status | Source of classification or shelving scheme | Damaged status | Not for loan | Collection code | Home library | Current library | Date acquired | Source of acquisition | Full call number | Barcode | Date last seen | Copy number | Koha item type |
|---|---|---|---|---|---|---|---|---|---|---|---|---|---|---|
| Dewey Decimal Classification | Fiction | Biblioteca Pública José María del Castillo y Rada | Biblioteca Pública José María del Castillo y Rada | 04/15/2018 | Donación | 333.91 / E192e | 430003685 | 05/16/2024 | Ej.1 | Books |